000 00638nam a2200217 i 4500
001 bg
245 0 0 _aInformatyka w szkole :
_bporadnik dyrektora i nauczyciela : praca zbiorowa /
_c[aut. Leszek Lewoc i in.].
260 _aWrocław :
_b"Vulcan",
_ccop. 1993.
300 _a323 s. :
_brys. ;
_c24 cm.
650 9 _aInformatyka
_xnauczanie
650 9 _aKomputery
_xstosowanie
_xszkolnictwo
655 _aPoradniki
700 1 _aLEWOC, Leszek.
020 _a8386070005
040 _cBPK
041 0 _apl
080 _a372/373:004+372.868.132.2
920 _a83-86070-00-5
942 _cKS
008 s pl f |000 0 pol
999 _c30397
_d30397
856 _uhttp://koha.tu.koszalin.pl/cgi-bin/koha/opac-detail.pl?biblionumber=30397
_yKatalog online BPK